| 000 | 00710nam a22002057a 4500 | ||
|---|---|---|---|
| 999 |
_c14197 _d14197 |
||
| 003 | AR-CdUCM | ||
| 008 | 190410b ||||| |||| 00| 0 spa d | ||
| 040 |
_aMUNICIPALIDAD PROVINCIAL DEL CUSCO _cBIBLIOTECA MUNICIPAL DEL CUSCO |
||
| 082 |
_aEP / 803 / _bP19 |
||
| 100 |
_aPalma, Clemente _923449 |
||
| 245 | _aCuentos malévolos / | ||
| 260 |
_aLima : _bImpacto cultural editores, _c2009. |
||
| 300 |
_c17 cm. _a143 páginas ; |
||
| 500 | _aPlan lector. | ||
| 505 | _aContenido :Los canastos -- Una historia vulgar -- El hijo pródigo -- El príncipe Alacrán -- Cuento de marionetas ... | ||
| 650 |
_aCuentos _9217 |
||
| 650 |
_aTexto educativo _925832 |
||
| 942 |
_2ddc _cLIBROS |
||
| 945 |
_arum _d2019-04-22 |
||